Missing Word: Octopus IV Quiz Stats

 Plays Quiz Updated May 25, 2012

Support Sporcle.
Go Orange.
Score 0/40 Timer 03:00
0 Plays Today
Answer % Correct
Mission
97.9%
Christmas
97.4%
Tale
97.3%
Fortune
96.3%
Gun
96%
Lincoln
95.5%
Bill
95.5%
Twist
95.2%
Price
94.7%
Blue
93.8%
Got
93.2%
Great
92.7%
Red
92.4%
Angeles
90.8%
Family
90.7%
Yellow
90.2%
Truman
88.6%
Loser
85.5%
Sox
85%
Jimmy
81%
Answer % Correct
Parks
80.6%
Deal
80.1%
Lights
77%
Jack
76.5%
Pink
75.8%
30
75.1%
Copperfield
72.1%
Maguire
70.2%
Sky
68.4%
Brown
67.5%
Minnesota
67.4%
Toronto
65.4%
Paint
62.8%
Days
61.2%
Rutherford
61.1%
Phillies
57.8%
Tuesday
54.8%
Burnt
54.7%
Press
47.3%
Start
42.4%

Today's Daily Dose

Word Ladder
ING Words

Get the Picture
Nearest Volcano

From the Vault

Epic April Fools' Pranks

by bhenderson79

Holiday 6m
Never give us up. Never let us down. Never run around and hurt us.
Remove Ads.
Support Sporcle.
Get the best of Sporcle when you Go Orange. This ad-free experience offers more features, more stats, and more fun while also helping to support Sporcle. Thank you for becoming a member.

Show Comments

Extras

Top Quizzes Today


Score Distribution

Your Account Isn't Verified!

In order to create a playlist on Sporcle, you need to verify the email address you used during registration. Go to your Sporcle Settings to finish the process.

Report this User

Report this user for behavior that violates our Community Guidelines.

Details: